000
00360nam a2200157Ia 4500
005
20250603145434.0
008
250603s9999 xx 000 0 und d
050
_a
KP 38 .N5/
245
0
_a
Nigerian Tax Tribunal Law Report vol 5
260
_a
Abuja
260
_b
Tax Appeal Tribunal
260
_c
2022
300
_a
78 p
650
_a
Abuja
942
_c
BK
999
_c
41861
_d
41861